LDR 00600nam a2200169 4500 001 000000367064 003 CaOOAMICUS 005 20260327151621.0 008 260327s2011 sp 000 u spa r 040 $aSeMil$bita 245 10$aTom. 1. 300 $a282 p. :$c21 cm 490 1 $aGrandes firmas Edibesa ;$v154 773 0 $tSan Juan de Ávila Sacerdote y Maestro de espíritu : .$dMadrid : Edibesa, 2011.$b2 edición$kGrandes firmas Edibesa$g1$w()367050 830 0$aGrandes firmas Edibesa ;$v154.$0(OLS)http://semarc/title/458875 996 $6245$aTom. 1$9(OLS)http://semarc/title/62204